000 00727cab a2200229 4500
001 ABS57123
008 090401t1997 xxu||||| |||| 00| 0 eng d
035 _a(Sirsi) u79149
041 _aeng
100 _aDonovan, P.
245 _aJuggling price and quality
260 _c1997
350 _a0
490 _aContract Journal
_v389(6129) 11 June 1997, 12-13(2)
520 _aExamines government plans to replace compulsory competitive tendering with Best Value practice and analyses construction industry and local government reactions to this.
650 _aBEST VALUE POLICY
650 _aCCT
650 _aCOMPULSORY COMPETITIVE TENDERING
690 _aECONOMIC AND SOCIAL
942 _n0
948 _c24/06/1997
999 _c49746
_d49746